15 najpopularniejszych nazwisk w Polsce - Statystyki

Ogólne statystyki
  • Ten quiz został rozwiązany 6 066 razy
  • Średni wynik to 4 z 15
Statystyki odpowiedzi
# Nazwisko % Poprawnych
139,719 Kowalski
91%
203,506 Nowak
91%
92,449 Lewandowski
47%
109,855 Wiśniewski
39%
97,796 Kowalczyk
32%
99,509 Wójcik
23%
91,043 Zieliński
23%
89,091 Szymański
15%
94,499 Kamiński
13%
86,132 Dąbrowski
12%
66,773 Mazur
11%
88,039 Woźniak
10%
75,962 Kozłowski
8%
68,514 Jankowski
7%
66,361 Wojciechowski
7%
Nie znaleziono quizów pasujących do podanych kryteriów
Rozkład punktacji
Procent ludzi z każdym wynikiem
Percentyl według liczby udzielonych odpowiedzi
Twoja historia wyników
Nie rozwiązałeś tego quizu